UBT Library

Physics : (Record no. 41371)

000 -LEADER
fixed length control field 00652cam a2200229 a 4500
001 - CONTROL NUMBER
control field 13662917
005 - DATE AND TIME OF LATEST TRANSACTION
control field 20180131051950.0
008 - FIXED-LENGTH DATA ELEMENTS--GENERAL INFORMATION
fixed length control field 040722s2005 njua 001 0 eng
010 ## - LIBRARY OF CONGRESS CONTROL NUMBER
LC control number 2004017226
020 ## - INTERNATIONAL STANDARD BOOK NUMBER
International Standard Book Number 0130606200 (full book vol 1 & 2. casebound : alk. paper)
040 ## - CATALOGING SOURCE
Original cataloging agency DLC
Transcribing agency DLC
Modifying agency DLC
041 ## - LANGUAGE CODE
Language code of text/sound track or separate title eng
042 ## - AUTHENTICATION CODE
Authentication code pcc
080 ## - UNIVERSAL DECIMAL CLASSIFICATION NUMBER
Universal Decimal Classification number 530 DOU
082 00 - DEWEY DECIMAL CLASSIFICATION NUMBER
Classification number 530 DOU
Edition number 22
100 1# - Rafti
Rafti 43
101 ## - Shkurtesa
Shkurtesa FIZ
245 10 - TITLE STATEMENT
Title Physics :
Statement of responsibility, etc Douglas C. Giancoli.
906 ## - LOCAL DATA ELEMENT F, LDF (RLIN)
a 7
b cbc
c orignew
d 1
e ecip
f 20
g y-gencatlg
942 ## - ADDED ENTRY ELEMENTS (KOHA)
Source of classification or shelving scheme
Item type Books
Holdings
Withdrawn status Lost status Source of classification or shelving scheme Damaged status Not for loan Collection code Permanent location Current location Shelving location Date acquired Total Checkouts Full call number Barcode Date last seen Price effective from Koha item type
          Koleksioni i përgjithshem UBT - Lipjan UBT - Lipjan Koleksioni i përgjithshem 01/31/2018   530 DOU 002-2998019 01/31/2018 01/31/2018 Books
UBT Library © 2015-2024. All rights reserved University Education for Business and Technology